[Event "POL-ch U16 Girls"]
[Site "Jastrzebia Gora"]
[Date "2023.??.??"]
[Round "2"]
[White "Romejko, Jagoda"]
[Black "Seemann, Pola"]
[Result "0-1"]
[WhiteElo "1483"]
[BlackElo "1714"]
[PlyCount "110"]
[EventDate "2023.03.11"]
[EventType "swiss"]
[EventRounds "9"]
[EventCountry "POL"]
[SourceTitle "CBM 213 Extra"]
[Source "ChessBase"]
[SourceDate "2023.05.31"]
[SourceVersion "1"]
[SourceVersionDate "2023.05.31"]
[SourceQuality "1"]

1. d4 d5 2. c4 e6 3. Nc3 Be7 4. Nf3 Nf6 5. cxd5 exd5 6. Bg5 0-0 7. e3 h6 8. Bf4 c6 9. Qc2 Nbd7 10. Bd3 Re8 11. 0-0 Nh5 12. Be5 Nf8 13. h3 Bd6 14. Rab1 Bxe5 15. Nxe5 c5 16. Rfe1 g6 17. Rbc1 c4 18. Be2 Nf6 19. b3 Bf5 20. Qb2 Qb6 21. Qa3 cxb3 22. Qxb3 Qxb3 23. axb3 N8d7 24. Nxd7 Bxd7 25. Nb5 Bxb5 26. Bxb5 Rec8 27. Rc5 Rxc5 28. dxc5 Rc8 29. Rc1 a6 30. Bd3 Kf8 31. Rc2 a5 32. Kf1 Nd7 33. e4 dxe4 34. Bxe4 Rxc5 35. Rxc5 Nxc5 36. Bd5 Ke7 37. Ke2 f6 38. Ke3 Kd6 39. Kd4 b6 40. Bc4 Ne6+ 41. Ke4 f5+ 42. Ke3 Ke5 43. g3 f4+ 44. Kf3 fxg3 45. Kxg3 Nd4 46. Kg4 b5 47. f4+ Kf6 48. Bd5 h5+ 49. Kg3 Kf5 50. Bf7 Ne2+ 51. Kf3 Nxf4 52. Be8 b4 53. Bd7+ Ne6 54. Kg3 Kf6 55. Kh4 Nc5 0-1

[Event "POL-ch U15 Qual"]
[Site "Jastrzebia Gora"]
[Date "2021.11.15"]
[Round "1"]
[White "Romejko, Jagoda"]
[Black "Grembocka, Zuzanna"]
[Result "0-1"]
[WhiteElo "1341"]
[BlackElo "1186"]
[PlyCount "72"]
[EventDate "2021.11.15"]
[EventType "swiss"]
[EventRounds "9"]
[EventCountry "POL"]
[SourceTitle "EXT 2023"]
[Source "ChessBase"]
[SourceDate "2022.10.05"]
[SourceVersion "1"]
[SourceVersionDate "2022.10.05"]
[SourceQuality "1"]

1. e4 e6 2. d4 d5 3. exd5 exd5 4. Nf3 Nf6 5. Bg5 Be7 6. Bd3 Bg4 7. 0-0 0-0 8. c3 h6 9. Bh4 Nbd7 10. Nbd2 c5 11. dxc5 Nxc5 12. Bc2 Re8 13. Re1 Rc8 14. Nb3 Nce4 15. Nbd4 Qb6 16. Bb3 g5 17. Bg3 Bc5 18. Qd3 h5 19. h4 Bxf3 20. gxf3 Nxg3 21. fxg3 Qd6 22. Kg2 gxh4 23. gxh4 Kh8 24. Rg1 Qf4 25. Nf5 Rg8+ 26. Kh1 Bxg1 27. Rxg1 Rxg1+ 28. Kxg1 Rg8+ 29. Kf2 Ne4+ 30. Ke1 Qxf5 31. fxe4 Rg1+ 32. Ke2 Qf1+ 33. Kd2 Rg2+ 34. Qe2 Qxe2+ 35. Kc1 Rg1+ 36. Bd1 Rxd1# 0-1

[Event "POL-ch U14 Girls"]
[Site "Uniejow"]
[Date "2021.07.25"]
[Round "9"]
[White "Gac Mytych, Sara"]
[Black "Romejko, Jagoda"]
[Result "0-1"]
[WhiteElo "1125"]
[BlackElo "1350"]
[PlyCount "140"]
[EventDate "2021.07.18"]
[EventType "swiss"]
[EventRounds "9"]
[EventCountry "POL"]
[SourceTitle "EXT 2022"]
[Source "ChessBase"]
[SourceDate "2021.10.06"]
[SourceVersion "1"]
[SourceVersionDate "2021.10.06"]
[SourceQuality "1"]

1. d4 d5 2. Bg5 Nf6 3. Bxf6 exf6 4. e3 Be7 5. Bd3 Be6 6. Nd2 0-0 7. Qf3 Qd7 8. h3 Nc6 9. c3 Rfe8 10. Ne2 Bd6 11. g4 Ne7 12. 0-0-0 b5 13. Rdg1 a5 14. h4 b4 15. g5 bxc3 16. Nxc3 f5 17. h5 a4 18. Bb5 c6 19. Bxa4 Bb4 20. Ndb1 Reb8 21. Qe2 Qb7 22. Bb3 c5 23. dxc5 Rc8 24. Qb5 Qxb5 25. Nxb5 Rxc5+ 26. N5c3 f4 27. a3 Ba5 28. Bc2 Rc7 29. Re1 fxe3 30. fxe3 Nf5 31. Bxf5 Bxf5 32. Kd2 Rd8 33. b4 Bb6 34. Nb5 Rc2+ 35. Kd1 Rdc8 36. N1c3 R2xc3 37. Nxc3 Rxc3 38. a4 Bxe3 39. Ke2 d4 40. Kf3 Bd2+ 41. Kf2 Bxe1+ 42. Rxe1 Kf8 43. Re5 Be6 44. g6 h6 45. gxf7 Kxf7 46. a5 Ra3 47. Re1 Rb3 48. a6 Rxb4 49. Ra1 Bd5 50. a7 Ba8 51. Ke2 Rb5 52. Kd3 Rxh5 53. Kxd4 Rd5+ 54. Kc4 g5 55. Rf1+ Kg7 56. Ra1 h5 57. Kb4 h4 58. Ra6 h3 59. Rb6 Rd7 60. Ra6 h2 61. Ra1 h1Q 62. Rxh1 Bxh1 63. a8Q Bxa8 64. Kb5 g4 65. Kb6 g3 66. Kb5 g2 67. Kb6 g1Q+ 68. Kb5 Qb1+ 69. Ka6 Rb7 70. Ka5 Qa2# 0-1

[Event "POL-ch U14 Girls"]
[Site "Uniejow"]
[Date "2021.07.21"]
[Round "4"]
[White "Romejko, Jagoda"]
[Black "Kawa, Anna"]
[Result "0-1"]
[WhiteElo "1350"]
[BlackElo "1440"]
[PlyCount "104"]
[EventDate "2021.07.18"]
[EventType "swiss"]
[EventRounds "9"]
[EventCountry "POL"]
[SourceTitle "EXT 2022"]
[Source "ChessBase"]
[SourceDate "2021.10.06"]
[SourceVersion "1"]
[SourceVersionDate "2021.10.06"]
[SourceQuality "1"]

1. e4 g6 2. d4 Bg7 3. c4 d6 4. Nc3 e5 5. Nf3 Bg4 6. d5 f5 7. h3 Bxf3 8. Bg5 Bxd1 9. Bxd8 Kxd8 10. Rxd1 fxe4 11. Nxe4 Nf6 12. Ng5 Re8 13. Ne6+ Rxe6 14. dxe6 Ke7 15. f3 Nc6 16. Kf2 Kxe6 17. Bd3 Rf8 18. Rhe1 Nh5 19. Be4 Bf6 20. g3 Bg7 21. Bd5+ Kd7 22. Be4 Nf6 23. Bc2 Nd4 24. Ba4+ Kc8 25. Kg2 Nd7 26. Re3 Nc5 27. Bb3 a5 28. Rde1 Ncxb3 29. Rxb3 Nxb3 30. axb3 b6 31. h4 Kb7 32. g4 Rf4 33. Kf2 a4 34. Re4 axb3 35. Ke3 Kc6 36. Kd2 Rxf3 37. g5 Rf4 38. Kd3 Rxe4 39. Kxe4 Kc5 40. Kd3 e4+ 41. Kxe4 Kxc4 42. Ke3 Bxb2 43. Kd2 Ba3 44. h5 gxh5 45. g6 hxg6 46. Kd1 Kd3 47. Ke1 b2 48. Kf2 b1Q 49. Kg2 Bc5 50. Kg3 Qg1+ 51. Kh3 Ke3 52. Kh4 Qg4# 0-1

[Event "POL-ch U14 Girls"]
[Site "Uniejow"]
[Date "2021.07.19"]
[Round "1"]
[White "Brelinska, Marcelina"]
[Black "Romejko, Jagoda"]
[Result "0-1"]
[WhiteElo "1057"]
[BlackElo "1350"]
[PlyCount "140"]
[EventDate "2021.07.18"]
[EventType "swiss"]
[EventRounds "9"]
[EventCountry "POL"]
[SourceTitle "EXT 2022"]
[Source "ChessBase"]
[SourceDate "2021.10.06"]
[SourceVersion "1"]
[SourceVersionDate "2021.10.06"]
[SourceQuality "1"]

1. e4 d5 2. exd5 Qxd5 3. Nc3 Qd6 4. h3 Nf6 5. Nf3 c6 6. Bc4 Bf5 7. d3 e6 8. a3 Be7 9. Be3 Nbd7 10. Qe2 Nb6 11. Bb3 Nbd5 12. Nxd5 Nxd5 13. Bd2 Bf6 14. Rb1 Rd8 15. 0-0 0-0 16. Rfe1 Nf4 17. Bxf4 Qxf4 18. Qe3 Qxe3 19. Rxe3 Rfe8 20. Ree1 h6 21. Bc4 b5 22. Bb3 e5 23. Ba2 e4 24. dxe4 Bxe4 25. Bb3 c5 26. Re2 c4 27. Ba2 Bxf3 28. Rxe8+ Rxe8 29. gxf3 Re2 30. c3 Bxc3 31. bxc3 Rxa2 32. Rxb5 Rxa3 33. Rb7 a5 34. Ra7 Rxc3 35. Rxa5 Rxf3 36. Kg2 Rc3 37. Rc5 Rc1 38. Rc8+ Kh7 39. Rc7 Kg6 40. Rc6+ f6 41. Rc5 c3 42. f3 Rc2+ 43. Kg3 Rc1 44. Kg2 c2 45. Rc4 f5 46. Rc6+ Kg5 47. Rc4 g6 48. Rc3 Kh5 49. Rc5 g5 50. Rc4 g4 51. hxg4+ fxg4 52. fxg4+ Kh4 53. Kh2 Kg5 54. Kg2 h5 55. gxh5 Kxh5 56. Kh2 Kg5 57. Kg2 Kf5 58. Kh2 Ke5 59. Kg2 Kd5 60. Rc3 Kd4 61. Rc6 Kd3 62. Kf2 Rh1 63. Rd6+ Ke4 64. Rc6 c1Q 65. Rxc1 Rxc1 66. Ke2 Rc2+ 67. Kf1 Kf3 68. Kg1 Ra2 69. Kh1 Kg3 70. Kg1 Ra1# 0-1

[Event "Rubinstein Memorial-D 54th"]
[Site "Polanica Zdroj"]
[Date "2018.08.22"]
[Round "5"]
[White "Kolarz, Maciej"]
[Black "Romejko, Jagoda"]
[Result "1-0"]
[WhiteElo "1378"]
[BlackElo "1100"]
[PlyCount "97"]
[EventDate "2018.08.18"]
[EventType "swiss"]
[EventRounds "9"]
[EventCountry "POL"]
[SourceTitle "EXT 2020"]
[Source "ChessBase"]
[SourceDate "2019.10.17"]
[SourceVersion "1"]
[SourceVersionDate "2019.10.17"]
[SourceQuality "1"]

1. d4 d5 2. c4 dxc4 3. e3 e6 4. Bxc4 c5 5. Nf3 a6 6. 0-0 Nf6 7. dxc5 Qxd1 8. Rxd1 Bxc5 9. b3 0-0 10. Bb2 Nc6 11. Nbd2 b5 12. Be2 Bb7 13. Rac1 Bb6 14. Bxf6 gxf6 15. Ne4 Kg7 16. Nd6 Nd8 17. Nd4 Bxd4 18. Rxd4 e5 19. Rg4+ Kh8 20. Rc7 Bd5 21. Bf3 Bxf3 22. gxf3 h6 23. Kf1 Kh7 24. Rh4 Kg6 25. Rg4+ Kh7 26. Rh4 Kg6 27. e4 Ne6 28. Rg4+ Kh7 29. Re7 Rad8 30. Nxf7 Ng7 31. Nxd8 Rxd8 32. Rgxg7+ Kh8 33. Rd7 Rc8 34. Rc7 Rd8 35. Rgd7 Re8 36. Rh7+ Kg8 37. Rxh6 Rf8 38. Rg6+ Kh8 39. h4 a5 40. h5 a4 41. bxa4 bxa4 42. h6 Rg8 43. Rxg8+ Kxg8 44. Kg2 a3 45. Kg3 Kh8 46. Kg4 Kg8 47. Kf5 Kh8 48. Kg6 Kg8 49. Rc8# 1-0